00962nam a2200265 i 4500001001000000003000900010005001700019007000300036008004100039040003000080082001400110110006300124245008100187264003700268300002500305336002700330337003300357338002800390500009900418590002700517910000700544942001400551952011400565999001700679000038104DO-SdBNP20240116132624.0ta110427s1940 dr 000 0 spa d aDO-SdBNPbspacBNPHUerda 222bU588v 984770aUniversidad de Santo Domingo.bFacultad de Medicina1 aEl vómito apomorfinico como medio de investigación del quimismo gastrico aSanto Domingo :bMontalvo,c1940 a52 paginas ;c23 cm. 2rdacontentatextobtxt 2rdamediaasin mediaciónbn 2rdacarrieravolumenbnc aTesis para el doctorado, sustentada por Vittorio Ortori Díaz, año académico de 1940-1941 aInventariado, 2024/ DG aDG 2ddccLBS1 00102ddc51708PDaBNPHUbBNPHUcCTd2024-01-16l0oBNPHU PD U588vp2024-0247r2024-01-16w2024-01-16yLBS1 c55689d55689